Biblioteca y Centro de Documentación

Política y gobierno en el Estado autonómico (Registro nro. 44482)

Detalles MARC
000 -CABECERA
Longitud fija campo de control 01488 a2200433 4500
001 - NÚMERO DE CONTROL
Número de control 44482
003 - IDENTIFICADOR DE NÚMERO DE CONTROL
Identificador del número de control ES-MaCES
005 - FECHA Y HORA DE LA ÚLTIMA TRANSACCIÓN
Fecha y hora de la última transacción 20140313141027.0
008 - CAMPO FIJO DE DESCRIPCIÓN FIJA--INFORMACIÓN GENERAL
Códigos de información de longitud fija   140313s sp ||||| ||||o||||||spa|d
017 ## - NÚMERO DE REGISTRO DE DERECHOS DE AUTOR Y DEPÓSITO LEGAL
Número de copyright o de depósito legal V 2377-2013
Agencia que asigna el número DL
020 ## - ISBN (INTERNATIONAL STANDARD BOOK NUMBER)
Número Internacional Normalizado para Libros (ISBN) 9788490339794
020 ## - ISBN (INTERNATIONAL STANDARD BOOK NUMBER)
Número Internacional Normalizado para Libros (ISBN) 9788470888809 (INAP)
022 ## - ISSN (INTERNATIONAL STANDARD SERIAL NUMBER)
Fuente 635130211
Número Internacional Normalizado para Publicaciones Seriadas nipo
040 ## - FUENTE DE CATALOGACIÓN
Centro catalogador de origen ES-MaCES
Lengua de catalogación spa
Centro transcriptor ES-MaCES
245 00 - MENCIÓN DE TÍTULO
Título Política y gobierno en el Estado autonómico
Mención de responsabilidad, etc. dir., Jaime Ferri Durá ; autores, Álvaro Aznar Forniés ... [et al.]
260 ## - PUBLICACIÓN, DISTRIBUCIÓN, ETC (PIE DE IMPRENTA)
Fecha de publicación, distribución, etc. [Madrid]
Nombre del editor, distribuidor, etc. INAP
260 ## - PUBLICACIÓN, DISTRIBUCIÓN, ETC (PIE DE IMPRENTA)
Lugar de publicación, distribución, etc. Valencia
Nombre del editor, distribuidor, etc. Tirant lo Blanch
Fecha de publicación, distribución, etc. 2013
300 ## - DESCRIPCIÓN FÍSICA
Extensión 463 p.
Dimensiones 21 cm
490 1# - MENCIÓN DE SERIE
Mención de serie Ciencia política
Designación de volumen o secuencia 57
504 ## - NOTA DE BIBLIOGRAFÍA, ETC.
Nota de bibliografía, etc. Bibliografía
541 ## - NOTA DE LA FUENTE INMEDIANTE DE ADQUISICIÓN
Forma de adquisición Compra
650 #4 - ASIENTO SECUNDARIO DE MATERIA--TÉRMINO DE MATERIA
9 (RLIN) 30768
Término de materia o nombre geográfico como elemento inicial Comunidades Autónomas
650 #4 - ASIENTO SECUNDARIO DE MATERIA--TÉRMINO DE MATERIA
9 (RLIN) 29907
Término de materia o nombre geográfico como elemento inicial gobierno regional
650 #4 - ASIENTO SECUNDARIO DE MATERIA--TÉRMINO DE MATERIA
9 (RLIN) 30779
Término de materia o nombre geográfico como elemento inicial política regional
650 #4 - ASIENTO SECUNDARIO DE MATERIA--TÉRMINO DE MATERIA
9 (RLIN) 27218
Término de materia o nombre geográfico como elemento inicial descentralización
650 #4 - ASIENTO SECUNDARIO DE MATERIA--TÉRMINO DE MATERIA
9 (RLIN) 30889
Término de materia o nombre geográfico como elemento inicial transferencia de competencias
650 #4 - ASIENTO SECUNDARIO DE MATERIA--TÉRMINO DE MATERIA
9 (RLIN) 27209
Término de materia o nombre geográfico como elemento inicial administración fiscal
650 #4 - ASIENTO SECUNDARIO DE MATERIA--TÉRMINO DE MATERIA
9 (RLIN) 29481
Término de materia o nombre geográfico como elemento inicial Estado-Benefactor
650 #4 - ASIENTO SECUNDARIO DE MATERIA--TÉRMINO DE MATERIA
9 (RLIN) 27211
Término de materia o nombre geográfico como elemento inicial política gubernamental
650 #4 - ASIENTO SECUNDARIO DE MATERIA--TÉRMINO DE MATERIA
9 (RLIN) 29802
Término de materia o nombre geográfico como elemento inicial desarrollo institucional
650 #4 - ASIENTO SECUNDARIO DE MATERIA--TÉRMINO DE MATERIA
9 (RLIN) 26964
Término de materia o nombre geográfico como elemento inicial España
653 10 - TÉRMINO DE INDEXACIÓN--NO CONTROLADO
Término no controlado Administración-Instituciones públicas
700 1# - ENCABEZAMIENTO SECUNDARIO--NOMBRE PERSONAL
9 (RLIN) 12084
Nombre de persona Ferri Durá, Jaime
Término indicativo de función dir.
700 1# - ENCABEZAMIENTO SECUNDARIO--NOMBRE PERSONAL
9 (RLIN) 34844
Nombre de persona Aznar Forniés, Álvaro
710 2# - ENCABEZAMIENTO SECUNDARIO--NOMBRE CORPORATIVO
9 (RLIN) 4265
Nombre de entidad o nombre de jurisdicción como elemento inicial Instituto Nacional de Administración Pública (España)
Término indicativo de función ed.
830 #0 - ENCABEZAMIENTO SECUNDARIO DE COLECCIÓN--TÍTULO UNIFORME
9 (RLIN) 33149
Título uniforme Ciencia política (Tirant lo Blanch (Firma))
Designación de volumen o secuencia 57
902 ## - CES. TIPO DE DOCUMENTO
Tipodoc (006$c Sirtex) LIB Libro
942 ## - ELEMENTOS KOHA
Fuente de clasificaión o esquema Clasificación propia del CES
Koha [por defecto] tipo de item Monografías
Parte de clasificación Administración e Instituciones Públicas
Existencias
Número de registro Signatura completa Tipo de item de Koha
084192 SG-6.3.-14 Monografías
© CES, Consejo Económico y Social de España 2021